000
00310nam a2200133Ia 4500
008
221030s9999 xx 000 0 und d
041
_a
English
100
_a
A Silberchatz
245
0
_a
Database System Cocepts
_c
by A Silberchatz, Karth, H
260
_c
0
650
_a
B
700
_a
Karth, H
942
_c
BK
999
_c
14207
_d
14207